000 00711nam a22002297a 4500
003 UA-OsUOA
001 44929
007 ta
008 20110713b un ||||| |||| 00| 0 ukr d
090 _a082
_bУ45
942 _cBK
040 _aUA-OsUOA
_bukr
_cUA-OsUOA
_dUA-OsUOA
245 _aУкраїнський археографічний щорічник
_bВип. 15
300 _a778 с.
955 _a1
041 _aukr
080 _a082
260 _aК.
_bУкраїнський письменник
_c2010
650 7 _a08 Видання. Колективні праці
_2UDC
999 _c425031
_d425031